Visualizzazione normale
Vista MARC
- Vianello Edoardo
di Personal Name
Records bibliografici associati: 1
001 - CONTROL NUMBER
- control field: 10406
003 - CONTROL NUMBER IDENTIFIER
- control field: IT-RoPau
005 - DATE AND TIME OF LATEST TRANSACTION
- control field: 20140123124216.0
008 - FIXED-LENGTH DATA ELEMENTS
- fixed length control field: 140123|| aca||aabn | a|a d
040 ## - CATALOGING SOURCE
- Original cataloging agency: IT-RoPau
- Transcribing agency: IT-RoPau
100 ## - HEADING--PERSONAL NAME
- Personal name: Vianello Edoardo
- Miscellaneous information: Codice autore testo/musica SPICS: 13844
- Relator term: Autore testo/musica
- Name of part/section of a work: Nun moro pè tte - La festa del Cristo re - Amore amore, amore amore
670 ## - SOURCE DATA FOUND
- Source citation: Work cat.: (IT-RoPau)100096: AA.VV. 794, Semo gente de borgata